01106nam a22002297a 450000500170000001000150001702000270003203500130005903700130007224501960008526000260028127000430030730000330035050000820038350000340046550000520049952002200055170000190077170000210079070000210081171000440083220130816112104.0 aENG-108251 c1800.00a9789380574400 aEN-91784 bDBAD/PUB aCreating wisdom and knowledge through shared learning : cedited by Akhtar Parvez, R. Venkata Kesavan [and] Jitender Sharma.brole of librarians and information managers : conference papers / aDelhibBookwellc2013 a3/79, Nirankari Colony,bDelhie110009 axiv,514p. :c28cm(pbk)bill. a "MANLIBNET 2012, Indian Institute of Management Indore, 11-13 October 2012." a Includes statistical tables. a Includes bibliographical references and index. a Contributed articles presented at the International Conference on Creating Wisdom and Knowledge through Shared Learning: Roles of Librarians and Information Managers, held during October 11-13, 2012, at IIM Indore. a Akhtar Parvez aKesavan, Venkata aSharma, Jitender aIndian Institute of Management, Indore.